| 000 | 00451nam a22001457a 4500 | ||
|---|---|---|---|
| 082 | _aP-247 | ||
| 100 |
_aSUO Abdul Rafey Majid syn no 4 _947966 |
||
| 245 |
_aStudy and Design of Geodesic Dome Model for MCE Swimming pool Risalpur Cantt _cSUO Abdul Rafey Majid, SGT Adnan Anwar |
||
| 260 |
_aRisalpur _bMCE _c23 April 2003 |
||
| 300 | _aP-124 | ||
| 526 |
_a0 _b0 _c0 _dP_247 |
||
| 650 | _aProject | ||
| 700 |
_aFasial Mubarik _947967 |
||
| 942 |
_2ddc _cBK |
||
| 999 |
_c551033 _d551033 |
||